00471nam a2200157 a 4500008004100000050001700041100001800058245005900076260003900135300000900174350000900183490004600192700002700238700003300265710001500298080926s2007 ||||||||||||||||| || u aIBRD(08)PRWP aHegre, Havard10aDemocratic Jihad?: military intervention and democracy aWashington, D.C.bWorld Bankc2007 a62p. a0.00 aWorld Bank policy research working papers aGleditsch, Nils Petter aChristiansen, Lene Siljeholm aWorld Bank